Random Country Shapes Upside Down - Statistics

General Stats
  • This quiz has been taken 95 times
  • The average score is 16 of 20
Answer Stats
Picture Answer % Correct
Afghanistan
100%
Albania
100%
Algeria
100%
Austria
100%
Barbados
100%
Benin
100%
Brunei
100%
Cambodia
100%
Canada
100%
Chad
100%
China
100%
Colombia
100%
Comoros
100%
Costa Rica
100%
Croatia
100%
Cuba
100%
Cyprus
100%
Czech Republic
100%
Democratic Republic of the Congo
100%
Denmark
100%
East Timor
100%
Ecuador
100%
Egypt
100%
Equatorial Guinea
100%
Eritrea
100%
Federated States of Micronesia
100%
Finland
100%
France
100%
Gabon
100%
Georgia
100%
Germany
100%
Greece
100%
Grenada
100%
Guatemala
100%
Guinea-Bissau
100%
Honduras
100%
Iceland
100%
Indonesia
100%
Iran
100%
Ireland
100%
Israel
100%
Italy
100%
Ivory Coast
100%
Jordan
100%
Kazakhstan
100%
Laos
100%
Lesotho
100%
Libya
100%
Liechtenstein
100%
Lithuania
100%
Madagascar
100%
Malawi
100%
Malaysia
100%
Maldives
100%
Mali
100%
Mauritania
100%
Mauritius
100%
Mexico
100%
Moldova
100%
Mongolia
100%
Morocco
100%
Myanmar
100%
Namibia
100%
Nauru
100%
Nepal
100%
Netherlands
100%
New Zealand
100%
Nicaragua
100%
Niger
100%
North Korea
100%
North Macedonia
100%
Oman
100%
Pakistan
100%
Palau
100%
Papua New Guinea
100%
Peru
100%
Philippines
100%
Portugal
100%
Republic of the Congo
100%
Russia
100%
Saint Vincent and the Grenadines
100%
San Marino
100%
Saudi Arabia
100%
Senegal
100%
Sierra Leone
100%
Singapore
100%
Slovenia
100%
Solomon Islands
100%
Somalia
100%
South Africa
100%
South Korea
100%
South Sudan
100%
Suriname
100%
Sweden
100%
Syria
100%
Tajikistan
100%
Tanzania
100%
Turkmenistan
100%
United Kingdom
100%
United States
100%
Vietnam
100%
Zambia
100%
Zimbabwe
100%
Eswatini
83%
Lebanon
83%
Romania
83%
Serbia
83%
Switzerland
83%
Turkey
83%
Chile
80%
Kyrgyzstan
80%
Montenegro
80%
Paraguay
80%
Poland
80%
Saint Kitts and Nevis
80%
Slovakia
80%
Spain
80%
United Arab Emirates
80%
Azerbaijan
75%
Bahrain
75%
Burundi
75%
Ghana
75%
Guinea
75%
Japan
75%
Kosovo
75%
Liberia
75%
Luxembourg
75%
Malta
75%
Norway
75%
Panama
75%
Sri Lanka
75%
Thailand
75%
Yemen
75%
Argentina
71%
Sudan
71%
Belarus
67%
Bolivia
67%
Bosnia and Herzegovina
67%
Brazil
67%
Cameroon
67%
Cape Verde
67%
Central African Republic
67%
El Salvador
67%
Ethiopia
67%
Gambia
67%
Guyana
67%
Haiti
67%
Hungary
67%
Mozambique
67%
Nigeria
67%
Saint Lucia
67%
Tunisia
67%
Uruguay
67%
Vatican City
67%
Venezuela
67%
Angola
60%
Fiji
60%
Monaco
60%
Trinidad and Tobago
60%
Bangladesh
50%
Belgium
50%
Belize
50%
Botswana
50%
Bulgaria
50%
Burkina Faso
50%
Djibouti
50%
Dominica
50%
Dominican Republic
50%
Estonia
50%
India
50%
Kenya
50%
Kuwait
50%
Rwanda
50%
Samoa
50%
São Tomé and Príncipe
50%
Togo
50%
Uganda
50%
Ukraine
50%
Vanuatu
50%
Tonga
40%
Tuvalu
40%
Armenia
33%
Marshall Islands
33%
Seychelles
33%
Antigua and Barbuda
25%
Bhutan
25%
Andorra
0%
Australia
0%
Bahamas
0%
Iraq
0%
Jamaica
0%
Kiribati
0%
Latvia
0%
Qatar
0%
Taiwan
0%
Uzbekistan
0%
No matching quizzes found
Score Distribution
Percent of People with Each Score
Percentile by Number Answered
Your Score History
You have not taken this quiz